Normal view MARC view

Entry Personal Name

Number of records used in: 2

001 - CONTROL NUMBER

  • control field: 1494

003 - CONTROL NUMBER IDENTIFIER

  • control field: TR-AnCHP

005 - DATE AND TIME OF LATEST TRANSACTION

  • control field: 20190110165447.0

008 - FIXED-LENGTH DATA ELEMENTS

  • fixed length control field: 1901101016n|cannaabn |n|d ||

040 ## - CATALOGING SOURCE

  • Original cataloging agency: TR-AnCHP

100 10 - HEADING--PERSONAL NAME

  • Personal name: Hristidis, Şengün Kılıç

670 ## - SOURCE DATA FOUND

  • Source citation: Hristidis, Şengün Kılıç.
  • Information found: Hasanoğlan hatırasıbir öğretmenin kaleminden ve objektifinden (1941-1951)Mustafa Güneri; yayna hazırlayanlar Duru Güneri, Şengün Kılıç Hristidis